| 000 | 00597nam a2200181 a 4500 | ||
|---|---|---|---|
| 008 | 120416s1989 ||||||||||||||||| || u | ||
| 020 | _a0131717456 | ||
| 050 | _aTA 165 Des | ||
| 100 | _ade Silva, Clarence W | ||
| 245 | 1 | 0 | _aControl sensors and actuators |
| 260 |
_aNew Jersey: _bFT Prentice-Hall _c1989 |
||
| 300 | _aix, 436p. : ill | ||
| 350 | _a0.00 | ||
| 650 | _aDETECTORS | ||
| 650 | 0 | _aAUTOMATIC CONTROL | |
| 650 | _aACTUATORS | ||
| 995 |
_D0.00 _FCBU-MAIN LIBRARY (Kitwe) _H1 _I53.40 _M1 _UAVAILABLE _ZAnnex Low-Usage Collection |
||
| 999 |
_c38723 _d38723 |
||